| 000 | 00597pam a2200169 a 4500 | ||
|---|---|---|---|
| 020 | _a0444989196 : | ||
| 040 | _cDLC | ||
| 082 | 0 | 0 | _a584 JAP 1988 A063 Or. |
| 100 | 1 | _aOka, H. I. | |
| 245 | 1 | 0 | _aOrigin of cultivated rice / |
| 260 |
_aTokyo : _bJapan Scientific Societies Press ; _aAmsterdam [Netherlands] ; _aNew York : _bElsevier ; _aNew York, N.Y. : _bExclusive sales rights for the U.S.A. and Canada, Elsevier Science Pub. Co., _cc1988. |
||
| 300 |
_axv, 254 p., [2] p. of plates : _bill. (some col.) ; _c24 cm. |
||
| 500 | _aIncludes index. | ||
| 650 | 0 | _aRice | |
| 650 | 0 | _aRice. | |
| 942 | _cEK | ||
| 999 |
_c15041 _d15041 |
||